Statistiques concernant Quiz sur le Bangladesh

Cliquez ici pour prendre le quiz!

Statistiques générales

  • Ce quiz a été pris 3 250 fois
  • Le résultat moyen est 10 sur 17

Statistiques - réponses

QuestionRéponse% Correct
Pays frontaliersInde
97%
Pays européen qui a colonisé le
Bangladesh jusqu'en 1947
Royaume-Uni
96%
Religion la plus pratiquéeIslam
92%
Pays frontaliersBirmanie
89%
CapitaleDacca
87%
Sport le plus populaireCricket
76%
Le Bangladesh a obtenu son
indépendance de ce pays en 1971
Pakistan
76%
Animal nationalTigre du Bengale
75%
Type de catastrophe naturelle ayant tué
au moins 50,000 personnes en 1582,
1699, 1822, 1847, 1876, 1970, et 1991
Cyclone
58%
Delta qui couvre la plupart du paysDelta du {Gange}
53%
Seul pays d'au moins 5 millions
d'habitants qui est plus densément peuplé
Singapour
45%
La région des Sundarbans est recouverte
de ce type spécifique de forêts côtières
Mangrove
44%
59% des terres du Bangladesh sont __
ce qui signifie qu'elles sont cultivables
* c'est plus que n'importe quel autre pays
Arable
41%
Deuxième ville la plus peupléeChittagong
25%
Cox's Bazar est connu pour
abriter la plus longue __ du monde
Plage
18%
Devise monétaireTaka
12%
Fruit national pouvant peser jusqu'à 36 kgPomme {jacque}
10%

Distribution des résultats

Percentile par nombre de réponses

% des personnes avec chaque résultat

Votre développement - résultats

Vous n’avez pas pris ce quiz